Broučci /
Nahrávku Karafiátových Broučků z roku 1968 ve skvostné interpretaci Karla Högera vydal Supraphon původně na LP 0 18 0498, v roce 1995 pak i na CD.
Uloženo v:
| Hlavní autor: | |
|---|---|
| Další autoři: | |
| Médium: | E-audiokniha |
| Vydáno: |
Praha :
Supraphon a.s.,
1995
|
| Tagy: |
Žádné tagy |
| LEADER | 01052nim a22002417i 4500 | ||
|---|---|---|---|
| 001 | 313231 | ||
| 007 | sr nunnnnnnned | ||
| 024 | |a 099925508326 | ||
| 044 | |a xr | ||
| 100 | 1 | |a Karafiát, Jan |4 aut | |
| 245 | 1 | 0 | |a Broučci / |c Karafiát, Jan |
| 240 | 1 | 0 | |a Brouččci |
| 264 | 1 | |a Praha : |b Supraphon a.s., |c 1995 | |
| 300 | |a 1 online zdroj (48 min., 31 sek.) | ||
| 336 | |a mluvené slovo |b spw |2 rdacontent | ||
| 337 | |a audio |b s |2 rdamedia | ||
| 338 | |a online zdroj |b cr |2 rdacarrier | ||
| 505 | 0 | 0 | |t Broučci (48 min., 31 sek.) |
| 520 | 2 | |a Nahrávku Karafiátových Broučků z roku 1968 ve skvostné interpretaci Karla Högera vydal Supraphon původně na LP 0 18 0498, v roce 1995 pak i na CD. | |
| 700 | 1 | |a Höger, Karel |4 nrt | |
| 910 | |a RBIT002 | ||
| 998 | |d 400163 |a https://core.palmknihy.cz/api/books/400163/cover?sa26fw |b https://core.palmknihy.cz/api/books/400163/cover/400?sa26fw |c https://core.palmknihy.cz/api/books/400163/cover/50?sa26fw |e 2099-01-01 |i 099925508326 |l 2911 |q 49 |r 1 |s https://www.palmknihy.cz/kniha/400163 |t audiobook |y 1995 |z 1 | ||
| 999 | |d 313229 | ||